Pokémon - Attacken von Skorgro in SD/LP - Statistiken

Allgemein
  • Dieses Quiz wurde 2 mal gespielt
  • Das Durchschnittsergebnis liegt bei 11 aus 69
Antwortstatistiken
Antwort % Korrekt
Felsgrab
100%
Schutzschild
100%
Aero-Ass
50%
Agilität
50%
Dampfwalze
50%
Delegator
50%
Donnerzahn
50%
Eiszahn
50%
Erdbeben
50%
Feuerzahn
50%
Flügelschlag
50%
Giftstachel
50%
Kreuzschere
50%
Lehmschelle
50%
Nachthieb
50%
Sandwirbel
50%
Schaufler
50%
Steinhagel
50%
Steinkante
50%
Verhöhner
50%
Abschlag
0%
Akrobatik
0%
Angeberei
0%
Anziehung
0%
Auflockern
0%
Ausdauer
0%
Doppelteam
0%
Durchbruch
0%
Eisenschweif
0%
Erholung
0%
Fassade
0%
Finsteraura
0%
Folterknecht
0%
Gegenstoß
0%
Gifthieb
0%
Giftschweif
0%
Giftstreich
0%
Gigastoß
0%
Guillotine
0%
Härtner
0%
Hyperstrahl
0%
Kehrtwende
0%
Konter
0%
Krafttrick
0%
Kreideschrei
0%
Matschbombe
0%
Metallklaue
0%
Offenlegung
0%
Raub
0%
Regentanz
0%
Risikotackle
0%
Ruckzuckhieb
0%
Ruheort
0%
Sandgrab
0%
Sandsturm
0%
Schlafrede
0%
Schleuder
0%
Schlitzer
0%
Schwerttanz
0%
Sonnentag
0%
Stafette
0%
Stahlflügel
0%
Stärke
0%
Steinpolitur
0%
Tarnsteine
0%
Trugschlag
0%
Zerschneider
0%
Zertrümmerer
0%
Zornklinge
0%
Keine übereinstimmenden Quizze gefunden
Verteilung der Resultate
Anzahl Personen mit jedem Resultat
Perzentil nach korrekt beantworteten Fragen
Ihre Resultats-Entwicklung
Sie haben dieses Quiz noch nicht gespielt